000 00550nam a2200217Ia 4500
003 GCL
008 140319s9999 xx 000 0 eng d
040 _aGCL /
_cGCL
082 0 4 _a980.92
_bB N
100 1 _aBEULOW, GEORGE J.
245 1 0 _aNEW MATTHESON STUDIES /
_cBEULOW, GEORGE J.
700 1 _aMARX, HANS JOACHIM
260 _a[S.N] :
_bCAMBRIDGE UNIVERSITY PRESS ،
_c1993
300 _a495 P
650 0 4 _aJOHANN, MATTHESON
650 0 4 _aARTS
650 0 4 _aCOMPOSERS
650 0 4 _aMUSICIANS
650 0 4 _aAMERICAN
942 _2ddc
_cBK
999 _c10467
_d10467